000
00272nam a22001097a 4500
082
_a
621.3815363 APP'G
100
_a
G. E. C
_9
80136
245
_a
AN APPROACH TO AUDIO FREQUENCY AMPLIFIERS DESIGN
260
_a
LONDON
_b
CHAPMAN & HALL
_c
1957
300
_a
125P
942
_c
BK
999
_c
585100
_d
585100